Les huit paradis / (Record no. 105379)

MARC details
000 -LEADER
campo de control de longitud fija 00734nam a2200205 i 4500
001 - NÚMERO DE CONTROL
campo de control 105379
003 - IDENTIFICADOR DE NÚMERO DE CONTROL
campo de control ES-MaACL
005 - FECHA Y HORA DE LA ÚLTIMA TRANSACCIÓN
campo de control 20251004063139.0
007 - CAMPO FIJO DE DESCRIPCIÓN FÍSICA--INFORMACIÓN GENERAL
campo de control de longitud fija t|
008 - DATOS DE LONGITUD FIJA--INFORMACIÓN GENERAL
campo de control de longitud fija 180618s1936 fr a |||| | fre d
100 0# - ENTRADA PRINCIPAL--NOMBRE DE PERSONA
Nombre de persona Bibesco, Marthe Lucie Lahovary,
Títulos y otros términos asociados al nombre princesse
9 (RLIN) 28765
245 14 - MENCIÓN DEL TÍTULO
Título Les huit paradis /
Mención de responsabilidad, etc. Princesse Bibesco ; bois et dessins de Roger Grillon.
260 ## - PUBLICACIÓN, DISTRIBUCIÓN, ETC.
Lugar de publicación, distribución, etc. Paris :
Nombre del editor, distribuidor, etc. J. Ferenczi et Fils,
Fecha de publicación, distribución, etc. 1936.
300 ## - DESCRIPCIÓN FÍSICA
Extensión 175 p. ;
Dimensiones 21 cm.
490 1# - MENCIÓN DE SERIE
Mención de serie Le livre moderne illustré ;
Designación de volumen o secuencia 259
700 1# - ENTRADA AGREGADA--NOMBRE PERSONAL
Nombre de persona Grillon, Roger.
9 (RLIN) 60036
830 0# - PUNTO DE ACCESO ADICIONAL DE SERIE-TÍTULO UNIFORME
Título uniforme Le livre moderne illustré ;
Designación de volumen o secuencia 259
9 (RLIN) 184593
852 ## - LOCALIZACIÓN
Ubicación ES-MaACL
Número de control de estantería L-32049
Nota libre . - Donat. herederos de la bibl. de Mª del Pilar Costa Palacín
Holdings
Estatus retirado Estado de pérdida Estado de daño No para préstamo Biblioteca de origen Biblioteca actual Ubicación en estantería Fecha de adquisición Fuente de adquisición Total de préstamos Signatura topográfica completa Código de barras Visto por última vez Precio de reemplazo Tipo de ítem Koha
        Biblioteca del Ateneo de Madrid Biblioteca del Ateneo de Madrid Depósito 2 18/06/2018     L-32049 1199000 23/02/2023 23/02/2023 Libro impreso